000 00625nam a22001937a 4500
999 _c165127
_d165127
005 20190607172236.0
010 _aUR-10183
020 _c200.00
_a9789388105057
035 _aU-8738
037 _bDBAD/PUB
082 _a843.08
100 _aشبير پٹيل
245 _aچو ں و چر ا
_cشبير پٹيل
246 _bChun Wa Ghara(Urdu)
_aby Anwar Aafaqui
260 _a Delhi
_bEducational Publishing House
_c2018 ء
270 _a3191،Vakil Street,Kucha Pandit,Lal Kuan,
_bDelhi
_e110006
_k23216162
_l00911123211540
300 _a200 ص
_c22 Cm(Hb)
942 _2ddc
_cUR
_h843.08
_mم ح م